[Event "Muensterland Verbandsklasse-A 1011"]
[Site "Germany"]
[Date "2011.01.08"]
[Round "5.5"]
[White "Sindermann, Erwin"]
[Black "Mummel, Christian"]
[Result "1/2-1/2"]
[WhiteElo "1720"]
[BlackElo "1814"]
[PlyCount "24"]
[EventDate "2010.09.18"]
[EventType "team-tourn"]
[EventRounds "9"]
[EventCountry "GER"]
[SourceTitle "EXT 2012"]
[Source "ChessBase"]
[SourceDate "2011.11.24"]
[SourceVersion "1"]
[SourceVersionDate "2011.11.24"]
[SourceQuality "1"]
[WhiteTeam "Duelmen"]
[BlackTeam "Suedlohn II"]
[WhiteTeamCountry "GER"]
[BlackTeamCountry "GER"]

1. e4 c5 2. Nf3 Nc6 3. c3 d5 4. exd5 Qxd5 5. d4 cxd4 6. cxd4 e6 7. Nc3 Bb4 8. Bd3 Nf6 9. 0-0 Qd8 10. Bg5 Be7 11. Re1 0-0 12. Rc1 h6 1/2-1/2

[Event "Muensterland Verbandsklasse-B 0910"]
[Site "Germany"]
[Date "2010.01.30"]
[Round "6.4"]
[White "Te Sligte, Bert"]
[Black "Mummel, Christian"]
[Result "1-0"]
[WhiteElo "1813"]
[BlackElo "1822"]
[PlyCount "63"]
[EventDate "2009.09.19"]
[EventType "team-tourn"]
[EventRounds "9"]
[EventCountry "GER"]
[SourceTitle "EXT 2011"]
[Source "ChessBase"]
[SourceDate "2010.11.26"]
[SourceVersion "1"]
[SourceVersionDate "2010.11.26"]
[SourceQuality "1"]
[WhiteTeam "Stadtlohn"]
[BlackTeam "Suedlohn II"]
[WhiteTeamCountry "GER"]
[BlackTeamCountry "GER"]

1. e4 c5 2. Nf3 Nc6 3. c3 Nf6 4. e5 Nd5 5. d4 cxd4 6. cxd4 e6 7. Nc3 Nxc3 8. bxc3 d6 9. exd6 Bxd6 10. Bd3 h6 11. 0-0 0-0 12. Re1 Qc7 13. a4 b6 14. Qe2 Bb7 15. Qe4 g6 16. Qh4 h5 17. Bg5 Ne7 18. Bh6 Nd5 19. Bxf8 Rxf8 20. Ne5 Bxe5 21. dxe5 Qxc3 22. Rad1 Rc8 23. Qg5 Kg7 24. Be2 Qb3 25. Ra1 Kh7 26. Bf3 Rc5 27. Reb1 Qd3 28. h3 Nc3 29. Rd1 Nxd1 30. Rxd1 Qc2 31. Qf6 Rc7 32. Rd8 1-0

[Event "Leverkusen-ch op"]
[Site "Leverkusen"]
[Date "2009.04.20"]
[Round "7"]
[White "Kayser, Manfred"]
[Black "Mummel, Christian"]
[Result "0-1"]
[WhiteElo "1314"]
[BlackElo "1793"]
[PlyCount "62"]
[EventDate "2009.01.12"]
[EventType "swiss"]
[EventRounds "7"]
[EventCountry "GER"]
[SourceTitle "EXT 2010"]
[Source "ChessBase"]
[SourceDate "2010.11.25"]
[SourceVersion "1"]
[SourceVersionDate "2010.11.25"]
[SourceQuality "1"]

1. d4 c5 2. c3 g6 3. Nf3 Bg7 4. g3 cxd4 5. cxd4 Nf6 6. Nc3 0-0 7. Bg2 d5 8. 0-0 Nc6 9. a3 Bf5 10. Nh4 Be6 11. Nf3 Rc8 12. e3 Qb6 13. Na4 Qc7 14. Nc5 Bg4 15. Qb3 b6 16. Nd3 Na5 17. Qd1 Ne4 18. Bd2 Nxd2 19. Qxd2 Nb3 20. Qd1 Nxa1 21. Qxa1 Bxf3 22. Bxf3 e6 23. Bg2 Qc4 24. Nb4 a5 25. Na2 b5 26. Rc1 Qb3 27. Nc3 b4 28. axb4 axb4 29. Ne2 Rc2 30. Bf1 Qxb2 31. Qa6 Rxc1 0-1

[Event "Leverkusen-ch op"]
[Site "Leverkusen"]
[Date "2009.01.26"]
[Round "2"]
[White "Mummel, Christian"]
[Black "Reinemer, Frank"]
[Result "0-1"]
[WhiteElo "1793"]
[BlackElo "2151"]
[PlyCount "34"]
[EventDate "2009.01.12"]
[EventType "swiss"]
[EventRounds "7"]
[EventCountry "GER"]
[SourceTitle "EXT 2010"]
[Source "ChessBase"]
[SourceDate "2010.11.25"]
[SourceVersion "1"]
[SourceVersionDate "2010.11.25"]
[SourceQuality "1"]

1. Nf3 f5 2. c4 Nf6 3. Nc3 g6 4. g3 Bg7 5. Bg2 d6 6. d4 0-0 7. 0-0 Qe8 8. e4 fxe4 9. Ng5 Nc6 10. Nb5 Bg4 11. f3 exf3 12. Bxf3 Qd7 13. Bxg4 Nxg4 14. Rxf8+ Rxf8 15. d5 Qf5 16. Bf4 e5 17. dxe6 Qc5+ 0-1

[Event "Muensterland Verbandsklasse-A 0809"]
[Site "Germany"]
[Date "2009.01.10"]
[Round "5.5"]
[White "Boelker, Franz"]
[Black "Mummel, Christian"]
[Result "1-0"]
[WhiteElo "1890"]
[BlackElo "1803"]
[PlyCount "53"]
[EventDate "2008.09.13"]
[EventType "tourn"]
[EventRounds "9"]
[EventCountry "GER"]
[SourceTitle "EXT 2010"]
[Source "ChessBase"]
[SourceDate "2010.11.25"]
[SourceVersion "1"]
[SourceVersionDate "2010.11.25"]
[SourceQuality "1"]
[WhiteTeam "Raesfeld Erle"]
[BlackTeam "Suedlohn II"]
[WhiteTeamCountry "GER"]
[BlackTeamCountry "GER"]

1. d4 Nf6 2. c4 e6 3. g3 Be7 4. Bg2 d5 5. Nc3 0-0 6. e3 c6 7. b3 Nbd7 8. Nge2 b6 9. 0-0 Bb7 10. Bb2 Rc8 11. Re1 c5 12. Rc1 cxd4 13. Nxd4 Nc5 14. cxd5 Nxd5 15. Ncb5 a6 16. Na3 Bf6 17. Nac2 b5 18. e4 Nb6 19. Qe2 e5 20. Nf5 Qc7 21. Nce3 Qb8 22. Ng4 Nbd7 23. Nxf6+ Nxf6 24. Ne7+ Kh8 25. Nxc8 Rxc8 26. f3 Qa7 27. Qe3 1-0

[Event "Muensterland Verbandsklasse-A 0809"]
[Site "Germany"]
[Date "2008.10.11"]
[Round "2.6"]
[White "Becker, Daniel"]
[Black "Mummel, Christian"]
[Result "1-0"]
[WhiteElo "1870"]
[BlackElo "1803"]
[PlyCount "88"]
[EventDate "2008.09.13"]
[EventType "tourn"]
[EventRounds "9"]
[EventCountry "GER"]
[SourceTitle "EXT 2010"]
[Source "ChessBase"]
[SourceDate "2010.11.25"]
[SourceVersion "1"]
[SourceVersionDate "2010.11.25"]
[SourceQuality "1"]
[WhiteTeam "Nienberge"]
[BlackTeam "Suedlohn II"]
[WhiteTeamCountry "GER"]
[BlackTeamCountry "GER"]

1. e4 c5 2. Nc3 Nc6 3. g3 Nf6 4. Bg2 d6 5. f4 g6 6. Nf3 Bg7 7. 0-0 0-0 8. d3 a6 9. h3 Qc7 10. g4 e6 11. Nh4 Bd7 12. f5 Rac8 13. g5 Ne8 14. f6 Bh8 15. Nf3 h6 16. h4 Nd4 17. Be3 Nxf3+ 18. Qxf3 Bc6 19. Qg4 h5 20. Qg3 e5 21. Bh3 Rd8 22. a3 Qa5 23. Qf2 Qc7 24. b4 b6 25. Rfb1 Qa7 26. a4 a5 27. bxa5 Qxa5 28. Bd2 Qa7 29. Nb5 Bxb5 30. axb5 Qb7 31. c4 Nc7 32. Qe1 Rfe8 33. Rb3 Kf8 34. Rba3 Ra8 35. Bd7 Rxa3 36. Rxa3 Rd8 37. Bc6 Qc8 38. Qg3 Qe6 39. Ra7 Qc8 40. Rb7 Na8 41. Bd5 Nc7 42. Rxb6 Nxd5 43. exd5 Qa8 44. Ra6 Qb7 1-0

[Event "Muensterland Verbandsklasse-A 0607"]
[Site "Germany"]
[Date "2007.03.24"]
[Round "7.8"]
[White "Mummel, Christian"]
[Black "Koczy, Willibald"]
[Result "1-0"]
[WhiteElo "1731"]
[BlackElo "1399"]
[PlyCount "53"]
[EventDate "2006.09.23"]
[EventType "team-tourn"]
[EventRounds "9"]
[EventCountry "GER"]
[SourceTitle "EXT 2008"]
[Source "ChessBase"]
[SourceDate "2007.11.25"]
[SourceVersion "1"]
[SourceVersionDate "2007.11.25"]
[SourceQuality "1"]
[WhiteTeam "Raesfeld Erle"]
[BlackTeam "Ibbenbueren"]
[WhiteTeamCountry "GER"]
[BlackTeamCountry "GER"]

1. c4 c5 2. Nf3 Nc6 3. Nc3 e6 4. d4 cxd4 5. Nxd4 Nxd4 6. Qxd4 Nf6 7. g3 Be7 8. Bg2 0-0 9. 0-0 d6 10. b3 Rb8 11. Bb2 a6 12. Rac1 e5 13. Qa7 Qc7 14. Nd5 Nxd5 15. cxd5 Qa5 16. Qxb8 Bg4 17. Qc7 Qxc7 18. Rxc7 Bd8 19. Rxb7 Bxe2 20. Rc1 Bf6 21. f4 g5 22. fxe5 Bxe5 23. Bxe5 dxe5 24. d6 g4 25. Bd5 Bf3 26. Bxf3 gxf3 27. d7 1-0

[Event "Muensterland Verbandsklasse-A 0607"]
[Site "Germany"]
[Date "2007.02.17"]
[Round "6.8"]
[White "Vehmeyer, Thomas"]
[Black "Mummel, Christian"]
[Result "1/2-1/2"]
[WhiteElo "1740"]
[BlackElo "1731"]
[PlyCount "44"]
[EventDate "2006.09.23"]
[EventType "team-tourn"]
[EventRounds "9"]
[EventCountry "GER"]
[SourceTitle "EXT 2008"]
[Source "ChessBase"]
[SourceDate "2007.11.25"]
[SourceVersion "1"]
[SourceVersionDate "2007.11.25"]
[SourceQuality "1"]
[WhiteTeam "Sendenhorst"]
[BlackTeam "Raesfeld Erle"]
[WhiteTeamCountry "GER"]
[BlackTeamCountry "GER"]

1. e4 c5 2. Nf3 Nc6 3. c3 e6 4. d4 cxd4 5. cxd4 Nf6 6. Nc3 d5 7. e5 Nd7 8. a3 Be7 9. Bd3 0-0 10. 0-0 f6 11. exf6 Nxf6 12. Re1 a6 13. Bg5 b5 14. Rc1 Bd7 15. Bb1 b4 16. axb4 Nxb4 17. Ne5 Be8 18. Bxf6 Bxf6 19. Qg4 Qd6 20. Ne2 Bxe5 21. dxe5 Qb6 22. Nf4 Bf7 1/2-1/2

[Event "Muensterland Verbandsklasse-B 0405"]
[Site "Muensterland"]
[Date "2005.03.19"]
[Round "8.8"]
[White "Busswolder, Peter"]
[Black "Mummel, Christian"]
[Result "0-1"]
[WhiteElo "1517"]
[BlackElo "1704"]
[PlyCount "72"]
[EventDate "2004.09.11"]
[EventType "team-tourn"]
[EventRounds "9"]
[EventCountry "GER"]
[SourceTitle "EXT 2006"]
[Source "ChessBase"]
[SourceDate "2005.11.24"]
[SourceVersion "1"]
[SourceVersionDate "2005.11.24"]
[SourceQuality "1"]
[WhiteTeam "Stadtlohn"]
[BlackTeam "Raesfeld Erle"]
[WhiteTeamCountry "GER"]
[BlackTeamCountry "GER"]

1. d4 d5 2. c4 e6 3. Nc3 Nf6 4. Nf3 Be7 5. e3 0-0 6. Bd3 b6 7. 0-0 Bb7 8. b3 c5 9. cxd5 Nxd5 10. Bb2 cxd4 11. Nxd4 Na6 12. Nxd5 exd5 13. Qg4 Bf6 14. Qe2 Nc5 15. Bc2 Ba6 16. Qd1 Bxf1 17. Kxf1 Rc8 18. Rc1 Ne6 19. Nxe6 fxe6 20. Bxf6 Qxf6 21. Qd2 Kh8 22. f3 Rf7 23. Rb1 Rfc7 24. Bd3 Qc3 25. Qe2 Qb4 26. f4 Rc1+ 27. Rxc1 Rxc1+ 28. Kf2 g6 29. h4 Qc3 30. h5 Kg7 31. hxg6 hxg6 32. g4 Rh1 33. Kg2 Qe1 34. Qb2+ Kg8 35. Qf6 Qg1+ 36. Kf3 Rh3+ 0-1

[Event "Muensterland Verbandsklasse-B 0405"]
[Site "Muensterland"]
[Date "2004.11.06"]
[Round "3.7"]
[White "Bartsch, Jan"]
[Black "Mummel, Christian"]
[Result "0-1"]
[WhiteElo "1536"]
[BlackElo "1704"]
[PlyCount "27"]
[EventDate "2004.09.11"]
[EventType "team-tourn"]
[EventRounds "9"]
[EventCountry "GER"]
[SourceTitle "EXT 2006"]
[Source "ChessBase"]
[SourceDate "2005.11.24"]
[SourceVersion "1"]
[SourceVersionDate "2005.11.24"]
[SourceQuality "1"]
[WhiteTeam "Saerbeck II"]
[BlackTeam "Raesfeld Erle"]
[WhiteTeamCountry "GER"]
[BlackTeamCountry "GER"]

1. e4 c5 2. Nf3 Nc6 3. Bb5 e6 4. Bxc6 bxc6 5. e5 Ba6 6. b3 Ne7 7. c4 Nf5 8. Bb2 Be7 9. Nc3 0-0 10. 0-0 f6 11. Ne4 fxe5 12. Nxe5 Nd4 13. Qg4 Rf4 14. Qh5 0-1

[Event "Muensterland Verbandsklasse-B 0304"]
[Site "Germany"]
[Date "2003.12.13"]
[Round "4.5"]
[White "Schulte, Ralf"]
[Black "Mummel, Christian"]
[Result "0-1"]
[WhiteElo "1767"]
[BlackElo "1654"]
[PlyCount "98"]
[EventDate "2003.09.20"]
[EventType "team-tourn"]
[EventRounds "9"]
[EventCountry "GER"]
[SourceTitle "EXT 2005"]
[Source "ChessBase"]
[SourceDate "2004.11.15"]
[SourceVersion "1"]
[SourceVersionDate "2004.11.15"]
[SourceQuality "1"]
[WhiteTeam "Emsdetten Rochade II"]
[BlackTeam "Raesfeld Erle"]
[WhiteTeamCountry "GER"]
[BlackTeamCountry "GER"]

1. d4 d5 2. Nf3 Nf6 3. c4 e6 4. Nc3 Be7 5. Bg5 0-0 6. e3 Nbd7 7. Rc1 c6 8. Bd3 h6 9. Bh4 Re8 10. 0-0 b6 11. cxd5 exd5 12. Qe2 Bb7 13. Rfd1 Ne4 14. Bxe7 Nxc3 15. Rxc3 Qxe7 16. Bb1 Rac8 17. Qc2 Nf6 18. Ne5 c5 19. Ng4 cxd4 20. Nxf6+ Qxf6 21. exd4 g6 22. h3 Rxc3 23. Qxc3 Re2 24. Rf1 Bc6 25. Bd3 Re6 26. Ba6 Kg7 27. Rc1 Qf4 28. g3 Qe4 29. Bf1 Rf6 30. Bg2 Qe2 31. Qc2 Qb5 32. Bf1 Qb4 33. Qc3 Qd6 34. b4 Bd7 35. Qc7 Qe6 36. Qxa7 Qf5 37. f4 g5 38. Qb8 Qe4 39. Qe5 gxf4 40. Qxe4 dxe4 41. gxf4 Rxf4 42. d5 Rf5 43. Rd1 Re5 44. Kf2 f5 45. Ke3 Kf6 46. h4 Re8 47. Kf4 Ra8 48. Rd2 Ra3 49. Be2 Bb5 0-1

[Event "Muensterland Verbandsklasse-B 0304"]
[Site "Germany"]
[Date "2003.11.15"]
[Round "3.7"]
[White "Assing, Manfred"]
[Black "Mummel, Christian"]
[Result "1-0"]
[WhiteElo "1621"]
[BlackElo "1654"]
[PlyCount "49"]
[EventDate "2003.09.20"]
[EventType "team-tourn"]
[EventRounds "9"]
[EventCountry "GER"]
[SourceTitle "EXT 2005"]
[Source "ChessBase"]
[SourceDate "2004.11.15"]
[SourceVersion "1"]
[SourceVersionDate "2004.11.15"]
[SourceQuality "1"]
[WhiteTeam "Luedinghausen"]
[BlackTeam "Raesfeld Erle"]
[WhiteTeamCountry "GER"]
[BlackTeamCountry "GER"]

1. e4 c5 2. Nf3 Nc6 3. d4 cxd4 4. Nxd4 e6 5. Nxc6 bxc6 6. c4 g6 7. Nc3 Bg7 8. Be2 d6 9. 0-0 Ne7 10. Be3 0-0 11. Qd2 Qc7 12. Rad1 d5 13. cxd5 exd5 14. exd5 cxd5 15. Bd4 Be6 16. Bxg7 Kxg7 17. Bf3 Rad8 18. Rfe1 Qc5 19. Qg5 Nf5 20. Qf4 d4 21. Ne4 Qa5 22. b4 Qd5 23. Qg5 Nd6 24. Qf6+ Kg8 25. Qxd8 1-0

[Event "Muensterland Verbandsklasse-B 0203"]
[Site "Muensterland"]
[Date "2003.02.15"]
[Round "6.8"]
[White "Mummel, Christian"]
[Black "Van Wamelen, Joop"]
[Result "1-0"]
[WhiteElo "1681"]
[BlackElo "1346"]
[PlyCount "109"]
[EventDate "2002.09.28"]
[EventType "team-tourn"]
[EventRounds "9"]
[EventCountry "GER"]
[SourceTitle "EXT 2004"]
[Source "ChessBase"]
[SourceDate "2003.11.25"]
[SourceVersion "1"]
[SourceVersionDate "2003.11.25"]
[SourceQuality "1"]
[WhiteTeam "Raesfeld Erle"]
[BlackTeam "Muenster SK IV"]
[WhiteTeamCountry "GER"]
[BlackTeamCountry "GER"]

1. c4 d6 2. Nc3 Nf6 3. g3 Nc6 4. Bg2 Bd7 5. d4 e6 6. e4 h6 7. Nf3 Be7 8. 0-0 0-0 9. a3 Re8 10. b4 a6 11. Bb2 e5 12. Nd5 Bf8 13. Nxf6+ gxf6 14. Rc1 Bg4 15. d5 Ne7 16. h3 Bh5 17. g4 Bg6 18. Qe2 Qd7 19. Rc3 Bh7 20. Bc1 Kh8 21. Bd2 Ng6 22. Rfc1 Rec8 23. Be3 b6 24. Qd2 Qe7 25. Bxh6 Bxh6 26. Qxh6 Nf4 27. Re1 Rg8 28. Nh4 Ng6 29. Nf5 Qf8 30. Qe3 Nf4 31. Ng3 Qg7 32. c5 dxc5 33. bxc5 b5 34. Rd1 Rgd8 35. Kh2 Qg5 36. Ne2 Nxg2 37. Kxg2 Qxe3 38. Rxe3 Kg7 39. Ng3 Kg6 40. Nf5 Kg5 41. Ne7 Rd7 42. Nc6 Kf4 43. Rde1 a5 44. Rf3+ Kg5 45. Kg3 b4 46. axb4 axb4 47. h4+ Kg6 48. g5 Kh5 49. Rxf6 Ra3+ 50. f3 Bg6 51. Nxe5 Re7 52. Nc6 Re8 53. Nd4 Rb8 54. Ne2 b3 55. Nf4# 1-0